Guess The Historical French Painters - Statistics

General Stats
  • This quiz has been taken 89 times
  • The average score is 5 of 9
Answer Stats
Picture Answer % Correct
Claude Monet
96%
Edouard Manet
88%
Pierre-Auguste Renoir
73%
Paul Cézanne
66%
Henri Matisse
63%
Edgar Degas
58%
Eugene Delacroix
55%
Paul Gaugin
31%
Jacques-LouisDavid
9%
No matching quizzes found
Score Distribution
Percent of People with Each Score
Percentile by Number Answered
Your Score History
You have not taken this quiz